000 00682nam a2200277Ia 4500
005 20260324135244.0
008 008 260324s9999 xx 000 0 eng d
020 _a9780429122521
037 _aEBOOK
040 _aCRL
040 _beng
040 _cCRL
041 _2eng
041 _aeng
084 _qCRL
100 _aKaren A. Moxon; John K. Chapin
_91199920
245 0 _aNeural Prostheses for Restoration of Sensory and Motor Function
260 _bTaylor and Francis
260 _c2000
365 _a
365 _b400
856 _uhttp://www.taylorfrancis.com/books/9780429122521
942 _cEBOOK
999 _c1800795
_d1800795